Sports Quiz

Random Sports or MLB Quiz

MLB Top 9 HR Hitters for each team Quiz Stats

 Plays Quiz not verified by Sporcle

Challenge
Share
Tweet
Embed
Score 0/298 Timer 20:00
0 Plays Today
Team Player % Correct
Boston Red SoxDavid Ortiz
91.9%
Baltimore OriolesChris Davis
82.3%
Detroit TigersRajai Davis
80.6%
Milwaukee BrewersKhris Davis
80.6%
Cleveland IndiansAsdrubal Cabrera
79%
Detroit TigersMiguel Cabrera
79%
Miami MarlinsGarrett Jones
79%
Washington NationalsAsdrubal Cabrera
79%
Baltimore OriolesAdam Jones
77.4%
Boston Red SoxDustin Pedroia
75.8%
Tampa Bay RaysEvan Longoria
75.8%
Los Angeles AngelsAlbert Pujols
75.8%
Toronto Blue JaysJose Bautista
74.2%
Chicago White SoxAlexei Ramirez
74.2%
Detroit TigersVictor Martinez
74.2%
Detroit TigersJ.D. Martinez
74.2%
Seattle MarinersRobinson Cano
74.2%
Atlanta BravesB.J. Upton
74.2%
Milwaukee BrewersAramis Ramirez
74.2%
Los Angeles DodgersHanley Ramirez
74.2%
Toronto Blue JaysColby Rasmus
72.6%
New York YankeesKelly Johnson
72.6%
Baltimore OriolesNelson Cruz
71%
New York YankeesJacoby Ellsbury
71%
Los Angeles AngelsJosh Hamilton
71%
Texas RangersLeonys Martin
71%
Cincinnati RedsBilly Hamilton
71%
Pittsburgh PiratesJordy Mercer
71%
Pittsburgh PiratesRussell Martin
71%
San Francisco GiantsBrandon Belt
71%
Toronto Blue JaysEdwin Encarnacion
69.4%
New York YankeesMark Teixeira
69.4%
Houston AstrosMarwin Gonzalez
69.4%
Miami MarlinsGiancarlo Stanton
69.4%
Philadelphia PhilliesRyan Howard
69.4%
Philadelphia PhilliesJimmy Rollins
69.4%
Philadelphia PhilliesChase Utley
69.4%
St. Louis CardinalsMatt Holliday
69.4%
Colorado RockiesCarlos Gonzalez
69.4%
Los Angeles DodgersAdrian Gonzalez
69.4%
New York YankeesBrett Gardner
67.7%
Los Angeles AngelsMike Trout
67.7%
Texas RangersAdrian Beltre
67.7%
Tampa Bay RaysBen Zobrist
66.1%
Oakland AthleticsJosh Donaldson
66.1%
Atlanta BravesJustin Upton
66.1%
Washington NationalsJayson Werth
66.1%
St. Louis CardinalsYadier Molina
66.1%
Detroit TigersIan Kinsler
64.5%
Houston AstrosChris Carter
64.5%
Atlanta BravesChris Johnson
64.5%
Pittsburgh PiratesAndrew McCutchen
64.5%
Baltimore OriolesJonathan Schoop
62.9%
Tampa Bay RaysSean Rodriguez
62.9%
Chicago White SoxJose Abreu
62.9%
Kansas City RoyalsAlex Gordon
62.9%
Kansas City RoyalsBilly Butler
62.9%
Oakland AthleticsYoenis Cespedes
62.9%
Washington NationalsBryce Harper
62.9%
Cincinnati RedsJoey Votto
62.9%
Milwaukee BrewersRyan Braun
62.9%
St. Louis CardinalsMatt Carpenter
62.9%
San Francisco GiantsHunter Pence
62.9%
Boston Red SoxStephen Drew
61.3%
Baltimore OriolesJ.J. Hardy
61.3%
Chicago White SoxDayan Viciedo
61.3%
Detroit TigersAustin Jackson
61.3%
Atlanta BravesJason Heyward
61.3%
New York MetsDavid Wright
61.3%
New York MetsChris Young
61.3%
Philadelphia PhilliesDomonic Brown
61.3%
Chicago White SoxAvisail Garcia
60%
Seattle MarinersKendrys Morales
60%
Colorado RockiesMichael Cuddyer
60%
Boston Red SoxMike Napoli
59.7%
Houston AstrosJason Castro
59.7%
Chicago CubsStarlin Castro
59.7%
Arizona DiamondbacksPaul Goldschmidt
59.7%
New York YankeesCarlos Beltran
58.1%
Chicago White SoxPaul Konerko
58.1%
Cleveland IndiansDavid Murphy
58.1%
Texas RangersDonnie Murphy
58.1%
New York MetsDaniel Murphy
58.1%
San Francisco GiantsPablo Sandoval
58.1%
New York YankeesBrian McCann
56.5%
Cleveland IndiansNick Swisher
56.5%
Atlanta BravesFreddie Freeman
56.5%
Washington NationalsIan Desmond
56.5%
Cincinnati RedsJay Bruce
56.5%
Pittsburgh PiratesPedro Alvarez
56.5%
Colorado RockiesCorey Dickerson
56.5%
Cleveland IndiansYan Gomes
54.8%
Kansas City RoyalsSalvador Perez
54.8%
Washington NationalsAdam LaRoche
54.8%
Cincinnati RedsChris Heisey
54.8%
Colorado RockiesCharlie Blackmon
54.8%
Toronto Blue JaysJose Reyes
53.2%
Los Angeles AngelsHowie Kendrick
53.2%
Oakland AthleticsBrandon Moss
53.2%
Atlanta BravesRamiro Pena
53.2%
Team Player % Correct
Chicago CubsAnthony Rizzo
53.2%
Cincinnati RedsBrayan Pena
53.2%
San Diego PadresYasmani Grandal
53.2%
San Diego PadresTommy Medica
53.2%
Boston Red SoxDavid Ross
51.6%
Toronto Blue JaysMelky Cabrera
51.6%
Cleveland IndiansCarlos Santana
51.6%
Detroit TigersTorii Hunter
51.6%
Kansas City RoyalsMike Moustakas
51.6%
Kansas City RoyalsOmar Infante
51.6%
Minnesota TwinsBrian Dozier
51.6%
Minnesota TwinsDanny Santana
51.6%
Houston AstrosJose Altuve
51.6%
Seattle MarinersKyle Seager
51.6%
Texas RangersShin-Soo Choo
51.6%
New York MetsCurtis Granderson
51.6%
Washington NationalsRyan Zimmerman
51.6%
Milwaukee BrewersMark Reynolds
51.6%
Pittsburgh PiratesNeil Walker
51.6%
Arizona DiamondbacksAaron Hill
51.6%
Los Angeles DodgersMatt Kemp
51.6%
San Francisco GiantsBuster Posey
51.6%
Baltimore OriolesManny Machado
50%
Toronto Blue JaysAdam Lind
50%
Minnesota TwinsJosh Willingham
50%
Milwaukee BrewersRickie Weeks
50%
Los Angeles DodgersCarl Crawford
50%
San Francisco GiantsBrandon Crawford
50%
Kansas City RoyalsJosh Willingham
50%
Kansas City RoyalsRaul Ibanez
50%
Philadelphia PhilliesGrady Sizemore
50%
Boston Red SoxMookie Betts
48.4%
Tampa Bay RaysDesmond Jennings
48.4%
New York YankeesAlfonso Soriano
48.4%
Atlanta BravesAndrelton Simmons
48.4%
St. Louis CardinalsJhonny Peralta
48.4%
St. Louis CardinalsMatt Adams
48.4%
Arizona DiamondbacksDavid Peralta
48.4%
New York YankeesYangervis Solarte
46.8%
Cleveland IndiansMichael Brantley
46.8%
Minnesota TwinsTrevor Plouffe
46.8%
Los Angeles AngelsChris Iannetta
46.8%
Oakland AthleticsCoco Crisp
46.8%
New York MetsLucas Duda
46.8%
Washington NationalsAnthony Rendon
46.8%
Los Angeles DodgersYasiel Puig
46.8%
Los Angeles DodgersJustin Turner
46.8%
Boston Red SoxXander Bogaerts
45.2%
Toronto Blue JaysBrett Lawrie
45.2%
Chicago White SoxGordon Beckham
45.2%
Detroit TigersNick Castellanos
45.2%
Oakland AthleticsJosh Reddick
45.2%
Washington NationalsDenard Span
45.2%
Milwaukee BrewersCarlos Gomez
45.2%
St. Louis CardinalsAllen Craig
45.2%
Arizona DiamondbacksMiguel Montero
45.2%
Tampa Bay RaysMatt Joyce
43.5%
Oakland AthleticsDerek Norris
43.5%
Atlanta BravesEvan Gattis
43.5%
Arizona DiamondbacksMark Trumbo
43.5%
Chicago White SoxAdam Dunn
41.9%
Cleveland IndiansJason Kipnis
41.9%
Kansas City RoyalsAlcides Escobar
41.9%
Houston AstrosGeorge Springer
41.9%
Philadelphia PhilliesCarlos Ruiz
41.9%
Cincinnati RedsTodd Frazier
41.9%
Milwaukee BrewersJonathan Lucroy
41.9%
St. Louis CardinalsJon Jay
41.9%
Boston Red SoxYoenis Cespedes
40.3%
Cleveland IndiansLonnie Chisenhall
40.3%
Kansas City RoyalsEric Hosmer
40.3%
Los Angeles AngelsDavid Freese
40.3%
Los Angeles AngelsErick Aybar
40.3%
Seattle MarinersBrad Miller
40.3%
Seattle MarinersLogan Morrison
40.3%
Washington NationalsWilson Ramos
40.3%
St. Louis CardinalsKolten Wong
40.3%
San Francisco GiantsAngel Pagan
40.3%
Tampa Bay RaysYunel Escobar
38.7%
Chicago White SoxAlejandro De Aza
38.7%
Minnesota TwinsChris Colabello
38.7%
Miami MarlinsJarrod Saltalamacchia
38.7%
Philadelphia PhilliesMarlon Byrd
38.7%
Chicago CubsJavier Baez
38.7%
Pittsburgh PiratesJosh Harrison
38.7%
Boston Red SoxJonny Gomes
37.1%
Oakland AthleticsJed Lowrie
37.1%
Seattle MarinersCorey Hart
37.1%
Miami MarlinsMarcell Ozuna
37.1%
Cincinnati RedsDevin Mesoraco
37.1%
Colorado RockiesJustin Morneau
37.1%
San Francisco GiantsMichael Morse
37.1%
Houston AstrosMatt Dominguez
35.5%
Seattle MarinersDustin Ackley
35.5%
Seattle MarinersJustin Smoak
35.5%
Miami MarlinsChristian Yelich
35.5%
Philadelphia PhilliesJohn Mayberry Jr.
35.5%
Milwaukee BrewersJean Segura
35.5%
Pittsburgh PiratesStarling Marte
35.5%
Tampa Bay RaysJames Loney
33.9%
Team Player % Correct
Texas RangersAlex Rios
33.9%
Miami MarlinsCasey McGehee
33.9%
Washington NationalsDanny Espinosa
33.9%
Chicago CubsWellington Castillo
33.9%
San Diego PadresCarlos Quentin
33.9%
Kansas City RoyalsLorenzo Cain
32.3%
Los Angeles AngelsKole Calhoun
32.3%
Oakland AthleticsJohn Jaso
32.3%
Cincinnati RedsRyan Ludwick
32.3%
Pittsburgh PiratesIke Davis
32.3%
Arizona DiamondbacksA.J. Pollock
32.3%
Colorado RockiesDrew Stubbs
32.3%
Los Angeles DodgersJuan Uribe
32.3%
San Diego PadresSeth Smith
32.3%
Baltimore OriolesSteve Pearce
30.6%
Baltimore OriolesNick Markakis
30.6%
Toronto Blue JaysDioner Navarro
30.6%
Chicago White SoxTyler Flowers
30.6%
Detroit TigersAlex Avila
30.6%
New York MetsWilmer Flores
30.6%
Colorado RockiesNolan Arenado
30.6%
Colorado RockiesWilin Rosario
30.6%
San Diego PadresYonder Alonso
30.6%
Texas RangersAdam Rosales
30%
San Diego PadresYangervis Solarte
30%
New York YankeesMartin Prado
29%
Houston AstrosJon Singleton
29%
Houston AstrosDexter Fowler
29%
Texas RangersJ.P. Arencibia
29%
New York MetsTravis d'Arnaud
29%
Pittsburgh PiratesTravis Snider
29%
Tampa Bay RaysDavid DeJesus
29%
Milwaukee BrewersLyle Overbay
29%
San Francisco GiantsHector Sanchez
29%
Minnesota TwinsOswaldo Arcia
27.4%
Oakland AthleticsStephen Vogt
27.4%
Seattle MarinersMike Zunino
27.4%
Chicago CubsLuis Valbuena
27.4%
Milwaukee BrewersScooter Gennett
27.4%
Toronto Blue JaysJuan Francisco
25.8%
Miami MarlinsJeff Baker
25.8%
St. Louis CardinalsPeter Bourjos
25.8%
Arizona DiamondbacksChris Owings
25.8%
Arizona DiamondbacksDidi Gregorius
25.8%
Colorado RockiesTroy Tulowitzki
25.8%
San Diego PadresJedd Gyorko
25.8%
San Diego PadresWill Venable
25.8%
Philadelphia PhilliesCody Asche
24.2%
Cincinnati RedsBrandon Phillips
24.2%
Tampa Bay RaysKevin Kiermaier
22.6%
Kansas City RoyalsDanny Valencia
22.6%
Seattle MarinersMichael Saunders
22.6%
Atlanta BravesRyan Doumit
22.6%
Los Angeles DodgersAndre Ethier
22.6%
Minnesota TwinsKennys Vargas
21%
Houston AstrosRobbie Grossman
21%
Texas RangersRougned Odor
21%
New York MetsJuan Lagares
21%
Philadelphia PhilliesDarin Ruf
21%
Chicago CubsNate Schierholtz
21%
Arizona DiamondbacksGerardo Parra
21%
Chicago CubsChris Coghlan
21%
Boston Red SoxBrock Holt
20%
Boston Red SoxA.J. Pierznyski
20%
Boston Red SoxDaniel Nava
20%
Cincinnati RedsKris Negron
20%
St. Louis CardinalsOscar Taveras
20%
Colorado RockiesMichael McKenry
20%
San Francisco GiantsAndrew Susac
20%
Baltimore OriolesCaleb Joseph
19.4%
Chicago White SoxConor Gillaspie
19.4%
Minnesota TwinsJosmil Pinto
19.4%
Minnesota TwinsChris Parmelee
19.4%
Detroit TigersEugenio Suarez
19.4%
Houston AstrosJonathan Villar
19.4%
Cleveland IndiansZach Walters
17.7%
Los Angeles AngelsC.J. Cron
17.7%
Texas RangersRobinson Chirinos
17.7%
Texas RangersMichael Choice
17.7%
Miami MarlinsDonovan Solano
17.7%
Chicago CubsMike Olt
17.7%
Chicago CubsJunior Lake
17.7%
Los Angeles DodgersScott Van Slyke
17.7%
San Francisco GiantsBrandon Hicks
17.7%
Houston AstrosMarc Krauss
17.7%
Tampa Bay RaysWil Myers
16.1%
San Francisco GiantsGregor Blanco
16.1%
Colorado RockiesBrandon Barnes
14.5%
San Diego PadresRene Rivera
14.5%
San Diego PadresChase Headley
14.5%
Kansas City RoyalsErik Kratz
14.5%
Chicago CubsJustin Ruggiano
14.5%
Milwaukee BrewersMartin Maldonado
14.5%
New York MetsAnthony Recker
12.9%
Miami MarlinsDerek Dietrich
11.3%
Chicago CubsArismendy Alcantra
11.3%
Miami MarlinsJordany Valdespin
11.3%
San Francisco GiantsMadison Bumgarner
11.3%

You're not logged in!

Compare scores with friends on all Sporcle quizzes.
OR
Log In

You Might Also Like...

Show Comments

Extras

Top Quizzes Today


Score Distribution

Your Account Isn't Verified!

In order to create a playlist on Sporcle, you need to verify the email address you used during registration. Go to your Sporcle Settings to finish the process.

Report this User

Report this user for behavior that violates our Community Guidelines.

Details: